Que nadie me levante la voz - Canción de Aída (versión corta) - Estadísticas

Estadísticas generales
  • Esta prueba ha sido intentada 33 veces
  • La puntuación promedio es 113 de 151
Estadísticas de respuestas
Respuesta % Correcto
a
100%
me
100%
mí.
100%
mi
100%
100%
mí,
100%
toca
100%
y
100%
(Ya
100%
Ya
100%
ya
100%
ahora
95%
Ahora
95%
(¡Ahora!)
95%
era
95%
hora,
95%
la
91%
de
86%
casa
82%
casa,
82%
ando,
77%
dónde
77%
por
77%
con
73%
Aída
68%
colgando)
68%
colgando.
68%
decido
68%
que
68%
Que
68%
empieza
64%
hasta
64%
levante
64%
nadie
64%
no
64%
parar
64%
su
64%
vida
64%
voz,
64%
Harta
59%
harta
59%
hoy
59%
ir
59%
mis
59%
niños
55%
piensa
55%
cuestas
50%
pa'cá'
50%
pa'llá'
50%
veros
50%
disgustos,
45%
los
41%
matéis
41%
reina
41%
aunque
36%
yo
36%
alegría,
32%
dueña,
32%
gusto.
32%
misma
32%
amiga,
27%
cuchillos
27%
jefa,
27%
tos'
27%
tós'
27%
alma,
23%
lancen
23%
media
23%
soy
23%
toa'
23%
vuelta
23%
carne,
18%
esquivo.
18%
pongo
18%
ganas
14%
No se encontraron pruebas coincidentes
Distribución de puntuación
Porcentaje de gente con cada puntuación
Porcentaje por número respondido
Historial de tus puntuaciones
No has intentado esta prueba.